000 00444nam a2200181 a 4500
001 1758452259866
003 ACL
005 20250921163104.0
008 250921s2000##################000#0#eng##
020 _a9781580420198
082 0 4 _a795.15
_bROB
100 1 _aRobertie, Bill,
_eauthor.
245 1 0 _a501 Backgammon Problems :
260 _bCardoza,
_c2000.
650 0 _aGames & Activities.
942 _cENGLISH
040 _aACL
_beng
_cACL
999 _c588606
_d588606